00551naa#a2200181#i#4500001001600000005001700016011001400033100004100047102000700088200008900095210005200184215001000236608002700246675002800273700002400301700002200325856002200347EN\\bibl\12157720260601123357.1##a1998-6785##a20221221b2022####ek#y0engy0150####ca##aRU1#aHow Students Use YouTube Resources in Preparing for History ClasseseJournal article1#aVladivostokcVladivostok State Universityd2022##a7 с.##aJournal article2local##aистории. 372.893#1aAvdoshkinagOlga V.#1aKuzmingVasily L.4#aojkum.editorum.ru